000
00274nam a22001217a 4500
082
_a
894.812
_b
SAS/S
100
_a
SASI MADAVOOR
245
_a
SWARNA THADI
260
_a
THRISSUR
_b
H&C PUBLISHING HOUSE
300
_a
31
650
_a
MALAYALAM SHORT STORY
_z
KERALA
942
_c
BK
999
_c
1347
_d
1347